10 Hard Flags - Statistics

General Stats
  • This quiz has been taken 69 times
  • The average score is 9 of 10
Answer Stats
Picture Answer % Correct
Seychelles
97%
Maldives
94%
Suriname
89%
East Timor
88%
Comoros
86%
Cape Verde
84%
Samoa
83%
Equatorial Guinea
80%
Vanuatu
80%
Solomon Islands
70%
No matching quizzes found
Score Distribution
Percent of People with Each Score
Percentile by Number Answered
Your Score History
You have not taken this quiz